Les robots présents dans Transformers - Statistiques

Statistiques générales
  • Ce quiz a été pris 282 fois
  • Le résultat moyen est 8 sur 13
Statistiques - réponses
Réponse % Correct
Optimus Prime
100%
Bumblebee
97%
Mégatron
96%
Ratchet
82%
Ironhide
79%
Jazz
77%
Starscream
77%
Barricade
55%
Blackout
37%
Bonecrusher
37%
Brawl
26%
Scorponok
24%
Frenzy
23%
Aucun quiz correspondant
Distribution des résultats
% des personnes avec chaque résultat
Percentile par nombre de réponses
Votre historique - résultats
Vous n’avez pas pris ce quiz